000 01017nam a2200289 i 4500
001 15560
003 ES-MaACL
005 20250728120313.0
007 t|
008 000330s1998 sp ||||1| spa d
020 _a84-8164-064-6
080 _a1 Marx, Karl
080 _a141.82
100 1 _aDerrida, Jacques.
_943797
245 1 0 _aEspectros de Marx
_b: el estado de la deuda, el trabajo del duelo y la nueva internacional /
_cJacques Derrida ; traducción de José Miguel Alarcón y Cristina de Peretti.
250 _a3ª ed.
260 _aMadrid :
_bTrotta,
_c1998.
300 _a196 p. ;
_c23 cm.
490 1 _aColección Estructuras y procesos. Serie Filosofía
600 1 4 _aMarx, Karl,
_d1818-1883-
_xInfluencia
_978592
650 1 4 _aMarxismo.
_914803
700 1 _aAlarcón, José Miguel.
_919128
700 1 _aPeretti della Rocca, Cristina de.
_990537
830 0 0 _aEstructuras y procesos.
_pFilosofía
_9183056
852 _aES-MaACL
_jL-22763
_bR.128001
999 _c15560
_d15560